Fr. Conceicao Rodrigues College of Engineering

Mathematical mosaic:Patterns and problem solving (Record no. 27160)

MARC details
000 -LEADER
fixed length control field 00342nam a2200157Ia 4500
082 ## - DEWEY DECIMAL CLASSIFICATION NUMBER
Classification number 515
Item number VAK
100 ## - MAIN ENTRY--PERSONAL NAME
Personal name Vakil/Ravi
245 ## - TITLE STATEMENT
Title Mathematical mosaic:Patterns and problem solving
260 ## - PUBLICATION, DISTRIBUTION, ETC.
Name of publisher, distributor, etc. Westland
Date of publication, distribution, etc. 2009
366 ## - TRADE AVAILABILITY INFORMATION
Publishers's discount category 17.5
300 ## - PHYSICAL DESCRIPTION
Extent 286
546 ## - LANGUAGE NOTE
Language note ENGLISH
654 ## - SUBJECT ADDED ENTRY--FACETED TOPICAL TERMS
Focus term mathematical mosaic
942 ## - ADDED ENTRY ELEMENTS (KOHA)
Koha item type BOOK
Holdings
Withdrawn status Lost status Damaged status Not for loan Collection Home library Current library Date acquired Source of acquisition Cost, normal purchase price Inventory number Total Checkouts Full call number Barcode Date last seen Cost, replacement price Price effective from Koha item type
        CRC Fr. Agnel's C.Rodrigues College of Engineering Fr. Agnel's C.Rodrigues College of Engineering 17/03/2023 Educational books and periodicals 206.25 256 dt 27/04/2009   515 VAK 20090 17/03/2023 250.00   BOOK